Animal transgenesis and cloning

Gorde:
Xehetasun bibliografikoak
Egile nagusia: Louis-Marie Houdebine
Formatua: Liburua
Hizkuntza:Undetermined
Argitaratua: New York John Wiley & Sons 2003
Gaiak:
Etiketak: Etiketa erantsi
Etiketarik gabe, Izan zaitez lehena erregistro honi etiketa jartzen!
Thư viện lưu trữ: Trung tâm Học liệu Trường Đại học Cần Thơ
LEADER 00551nam a2200181Ia 4500
001 CTU_67461
008 210402s9999 xx 000 0 und d
082 |a 660.65 
082 |b H836 
100 |a Louis-Marie Houdebine 
245 0 |a Animal transgenesis and cloning 
245 0 |c Louis-Marie Houdebine; translated from French by Louis-Marie Houdebine ... [et al.] 
260 |a New York 
260 |b John Wiley & Sons 
260 |c 2003 
650 |a genetic engineering 
904 |i Minh 
980 |a Trung tâm Học liệu Trường Đại học Cần Thơ